<?xml version="1.0" encoding="UTF-8"?>
<record
    xmlns:xsi="http://www.w3.org/2001/XMLSchema-instance"
    xsi:schemaLocation="http://www.loc.gov/MARC21/slim http://www.loc.gov/standards/marcxml/schema/MARC21slim.xsd"
    xmlns="http://www.loc.gov/MARC21/slim">

  <leader>04230nam a2200325 a 4500</leader>
  <controlfield tag="001"> </controlfield>
  <controlfield tag="003">OSt</controlfield>
  <controlfield tag="005">20250804094707.0</controlfield>
  <controlfield tag="008">091204s2020    dr            000 f spa d</controlfield>
  <datafield tag="020" ind1=" " ind2=" ">
    <subfield code="a">9789945503807</subfield>
  </datafield>
  <datafield tag="040" ind1=" " ind2=" ">
    <subfield code="a">BPMSU</subfield>
    <subfield code="b">spa</subfield>
    <subfield code="c">BPMSU</subfield>
  </datafield>
  <datafield tag="082" ind1=" " ind2=" ">
    <subfield code="a">232.961</subfield>
    <subfield code="b">B742j 2020</subfield>
    <subfield code="2">22</subfield>
  </datafield>
  <datafield tag="100" ind1=" " ind2=" ">
    <subfield code="a">Bosch, Juan, </subfield>
    <subfield code="d">1909-2001</subfield>
    <subfield code="9">1</subfield>
  </datafield>
  <datafield tag="245" ind1="1" ind2="3">
    <subfield code="a">Judas Iscariote, el calumniado /</subfield>
    <subfield code="c">Juan Bosch ; pr&#xF3;logo de Di&#xF3;medes N&#xFA;&#xF1;ez Polanco </subfield>
  </datafield>
  <datafield tag="260" ind1=" " ind2=" ">
    <subfield code="a">Santo Domingo :</subfield>
    <subfield code="b">Ministerio de Cultura;</subfield>
    <subfield code="b">Editora Nacional, </subfield>
    <subfield code="c">2020</subfield>
  </datafield>
  <datafield tag="300" ind1=" " ind2=" ">
    <subfield code="a">295 p. ;</subfield>
    <subfield code="c">20 cm.</subfield>
  </datafield>
  <datafield tag="490" ind1="0" ind2=" ">
    <subfield code="a"> Biblioteca Dominicana B&#xE1;sica ;</subfield>
    <subfield code="a">Ensayo,</subfield>
    <subfield code="v">22</subfield>
  </datafield>
  <datafield tag="500" ind1=" " ind2=" ">
    <subfield code="3">Incluye datos biogr&#xE1;ficos del autor en la solapa de la cubierta</subfield>
  </datafield>
  <datafield tag="505" ind1="0" ind2=" ">
    <subfield code="a">(Mateo, 16; 22) --(Mateo, 16; 22) --(Mateo, 16; 23) --(Mateo, 17; 4) -- (Mateo, 9; 9 y 10) --(Marcos, 2; 14) -- (Lucas, 5; 27 al 29) -- (Mateo, 9; 13) --(Mateo, 4; 18 al 22) -- (Juan, 1; 41 y 42) -- (Mateo, 10; 4) -- (Marcos, 3; 19) -- (Lucas, 6; 16) --(Juan, 6; 60 al 71) -- (Juan, 12; 1 al 8) --(Mateo, 26; 6al 13) -- (Marcos, 14; 3 al 9) -- (Lucas, 7; 36 al 39) --(Ap&#xF3;stoles, 5; 34 al 37) --(Mateo, 26; 69 al 74) --(Ap&#xF3;stoles, 4; 13) -- Cap&#xED;tulo III (Exodo, 12; 1 al 14 y del 19 al 20) -- (Mateo, 26; 17 y 18) -- (Lucas, 13; 34) -- (Lucas, 19; 41) -- (Juan, 3; 1) -- (Marcos, 15; 43) -- (Lucas, 23; 50 y 51) -- (Lucas, 23; 4 y 5) -- (Mateo, 5; 8 y 10) --(Mateo, 5; 13 y 14) --  (Marcos, 10; 17 al 27) --(Marcos, 12; 38 al 40) --(Mateo, 23; 13 al 28) --(Juan, 11; 47 al 51) (Juan, 11; 53) --(Juan, 18; 26) -- (Juan, 18; 15) --(Juan, 18; 16 al 18) --(Juan, 18; 54 al 57) --(Marcos, 14; 6 al 8) -- Cap&#xED;tulo IV:
T&#xED;tulo	(Mateo, 10; 16 al 23 y del 33 al 36) -(Mateo, 12; 6 al 8) --(Mateo, 12; 9 al 12) --(Marcos, 3; 6) --(Marcos, 3; 11 y 12) --(Marcos, 5; 40 al 43) --(Lucas, 8; 51) -- (Marcos, 7; 31 al 36) -- (Lucas, 9; 36) -- (Lucas, 9; 48 al 22. Hay error en la enumeraci&#xF3;n de los vers&#xED;culos, que del 48 retorna al 19, pero queremos respetar ese error de la traducci&#xF3;n N&#xE1;car-Colunga) -- (Juan, 2; 24 y 25) -- (Juan, 5; 18) --(Juan, 7; 1) -- (Juan, 7; 10 al 12) -- (Juan, 7; 19 ) -- (Juan, 8; 40) --(Juan, 8; 59) --(Juan, 10; 31 al 33) -- (Mateo, 11; 4 al 6) --(Lucas, 20; 26) -- (Juan, 8; 1 al 11) --(Lucas, 20; 1 al 8) -- (Juan, 7; 25) -- (Juan, 7; 44 al 53).
</subfield>
  </datafield>
  <datafield tag="505" ind1="0" ind2=" ">
    <subfield code="a">Cap&#xED;tulo V : (Marcos, 14; 15) -- (Juan, 13; 27 al 30) -- (Mateo, 26; 20 al 25) -- (Marcos, 14; 17 al 21) -- (Lucas, 22; 14 al 23) -- (Juan, 13; 2 y 3) --(Juan, 13; 8 al 10) --(Juan, 13; 11) -- (Mateo, 26; 57 al 66) -- (Lucas, 22; 66 al 71) -- (Juan, 13; 21 al 30) -- (Juan, 13; 2) -- Cap&#xED;tulo VI: (Mateo, 26; 14 al 16) -- (Marcos, 14; 10 y 11) -- (Lucas, 22; 1 al 6) -- (Mateo, 10; 29) -- (Lucas, 12; 6) -- (Marcos, 12; 41 al 44) -- (Lucas, 21; 1 al 4) --(Mateo, 5; 25 y 26) --(Mateo, 17; 24 al 27) --(Nehem&#xED;as, 10; 33 al 34) -- (Lucas, 15; 8 y 9) -- (Mateo, 18; 21 al 34) --(Mateo, 25; 14 al 30) -- (Lucas, 19; 11 al 28) -- (Mateo, 18; 28 al 30) --(Mateo, 18; 32 al 34) --(Juan, 6; 5 al 7) --(Mateo, 20; 1 al 15) -- (&#xC9;xodo, 21; 28 al 36) -- Cap&#xED;tulo VII: (Lucas, 23; (Juan, 18; 1) -- (Lucas, 22; 36) -- (Lucas, 22; 38) --(Mateo, 26; 31 al 35) --(Lucas, 22; 31) -(Lucas, 22; 44) -- (Mateo, 26; 36 al 39) --(Mateo, 14; 32 al 36) --(Lucas, 22; 40 al 42) --(Mateo, 26; 40 y 41) -- (Mateo, 14; 37 y 38) --(Mateo, 26; 42 al 46) --(Marcos, 14; 39 al 42) --
Cap&#xED;tulo VIII: (Lucas, 22; 47) --(Juan, 18; 3) --(Mateo, 26; 56) -- (Marcos, 14; 50 y 51) --(Juan, 18; 8) -- (Mateo, 26; 47 al 56) --(Mateo, 26; 46) -(Marcos, 14; 48 y 49) --(Marcos, 14; 44) --(Lucas, 22; 47 al 53) --(Juan, 18; 1 al 11) --Cap&#xED;tulo XI: (Juan, 18; 15 y 16) --(Marcos, 14; 44) --(Juan, 18; 19 al 24) --(Mateo, 27; 3 al 8) --(Mateo, 27; 32) -- (Mateo, 27; 57 y 58) --(Ap&#xF3;stoles, 1; 3) ) --(Ap&#xF3;stoles, 1; 15 al 19) --(Ap&#xF3;stoles, 1; 24 y 25) --(Mateo, 24; 28).
</subfield>
  </datafield>
  <datafield tag="590" ind1=" " ind2=" ">
    <subfield code="a">Inventariado, 2020/VM</subfield>
  </datafield>
  <datafield tag="600" ind1="1" ind2="4">
    <subfield code="a">Judas Iscariote,</subfield>
    <subfield code="d"> ca. 28 d. C</subfield>
    <subfield code="x">Cr&#xED;tica e interpretaci&#xF3;n .</subfield>
    <subfield code="c"> </subfield>
  </datafield>
  <datafield tag="650" ind1=" " ind2="4">
    <subfield code="a">Interpretaci&#xF3;n de la biblia </subfield>
  </datafield>
  <datafield tag="650" ind1=" " ind2="4">
    <subfield code="a">Cristianismo y literatura</subfield>
  </datafield>
  <datafield tag="650" ind1=" " ind2="4">
    <subfield code="a">Religi&#xF3;n en la literatura</subfield>
  </datafield>
  <datafield tag="700" ind1="1" ind2=" ">
    <subfield code="a">N&#xFA;&#xF1;ez Polanco, Di&#xF3;medes  </subfield>
    <subfield code="e">pr&#xF3;l. </subfield>
  </datafield>
  <datafield tag="710" ind1="2" ind2=" ">
    <subfield code="a">Ministerio de Cultura (Rep&#xFA;blica Dominicana)</subfield>
  </datafield>
  <datafield tag="910" ind1=" " ind2=" ">
    <subfield code="a">VMateo </subfield>
  </datafield>
  <datafield tag="942" ind1=" " ind2=" ">
    <subfield code="2">ddc</subfield>
    <subfield code="c">BK</subfield>
  </datafield>
  <datafield tag="952" ind1=" " ind2=" ">
    <subfield code="0">0</subfield>
    <subfield code="1">0</subfield>
    <subfield code="2">ddc</subfield>
    <subfield code="4">0</subfield>
    <subfield code="7">0</subfield>
    <subfield code="8">CD</subfield>
    <subfield code="a">BPMET</subfield>
    <subfield code="b">BPMET</subfield>
    <subfield code="d">2021-05-18</subfield>
    <subfield code="e">Editora Nacional </subfield>
    <subfield code="o">BPMSU CD 232.961 B742j 2020</subfield>
    <subfield code="p">BPMSU21050119</subfield>
    <subfield code="r">2021-05-18</subfield>
    <subfield code="w">2021-05-18</subfield>
    <subfield code="y">BK</subfield>
  </datafield>
  <datafield tag="952" ind1=" " ind2=" ">
    <subfield code="0">0</subfield>
    <subfield code="1">0</subfield>
    <subfield code="2">ddc</subfield>
    <subfield code="4">0</subfield>
    <subfield code="7">0</subfield>
    <subfield code="8">CD</subfield>
    <subfield code="a">BPMET</subfield>
    <subfield code="b">BPMET</subfield>
    <subfield code="d">2021-05-18</subfield>
    <subfield code="e">Editora Nacional </subfield>
    <subfield code="o">BPMSU CD 232.961 B742j 2020</subfield>
    <subfield code="p">BPMSU21050120</subfield>
    <subfield code="r">2021-05-18</subfield>
    <subfield code="t">e.2</subfield>
    <subfield code="w">2021-05-18</subfield>
    <subfield code="y">BK</subfield>
  </datafield>
  <datafield tag="952" ind1=" " ind2=" ">
    <subfield code="0">0</subfield>
    <subfield code="1">0</subfield>
    <subfield code="2">ddc</subfield>
    <subfield code="4">0</subfield>
    <subfield code="7">0</subfield>
    <subfield code="8">CD</subfield>
    <subfield code="a">BPMET</subfield>
    <subfield code="b">BPMET</subfield>
    <subfield code="d">2021-05-18</subfield>
    <subfield code="e">Editora Nacional </subfield>
    <subfield code="o">BPMSU CD 232.961 B742j 2020</subfield>
    <subfield code="p">BPMSU21050121</subfield>
    <subfield code="r">2021-05-18</subfield>
    <subfield code="t">e.3</subfield>
    <subfield code="w">2021-05-18</subfield>
    <subfield code="y">BK</subfield>
  </datafield>
  <datafield tag="999" ind1=" " ind2=" ">
    <subfield code="c">13513</subfield>
    <subfield code="d">13513</subfield>
  </datafield>
</record>
